| 000 | 00648cam a2200241 4500 | ||
|---|---|---|---|
| 008 | 090401t1975 xxu||||| |||| 00| 0 eng d | ||
| 020 | _a0406571821 | ||
| 035 | _a(Sirsi) u71078 | ||
| 041 | _aeng | ||
| 050 | _a711.026 | ||
| 100 | _aDavies, Keith | ||
| 245 | _aLaw of compulsory purchase and compensation | ||
| 250 | _a2nd | ||
| 260 |
_aLondon _bButterworths _c1975 |
||
| 300 | _a342p | ||
| 350 | _a0 | ||
| 520 | _aShelf 115 | ||
| 650 | _aBETTERMENT | ||
| 650 | _aUNEXPENDED BALANCE | ||
| 690 | _aENVIRONMENTAL AND LAND CONSULTANCY-PLANNING AND DEVELOPMENT-COMPULSORY PURCHASE AND COMPENSATION | ||
| 942 | _n0 | ||
| 948 | _c04/03/1997 | ||
| 999 |
_c95379 _d95379 |
||